<?xml version="1.0" encoding="UTF-8"?>
<collection xmlns="http://www.loc.gov/MARC21/slim">
 <record>
  <leader>00633pamaa2200181   4500</leader>
  <controlfield tag="001">0000017449</controlfield>
  <controlfield tag="005">20060525090000.0</controlfield>
  <datafield tag="020" ind1="0" ind2="0">
   <subfield code="a">0300066279 </subfield>
  </datafield>
  <datafield tag="082" ind1=" " ind2=" ">
   <subfield code="a">973.929 TSO 1995</subfield>
  </datafield>
  <datafield tag="090" ind1="0" ind2="0">
   <subfield code="a">E885 </subfield>
   <subfield code="b">TSO 1995</subfield>
  </datafield>
  <datafield tag="100" ind1="1" ind2="0">
   <subfield code="a">TSONGAS </subfield>
  </datafield>
  <datafield tag="245" ind1="1" ind2="0">
   <subfield code="a">Journey of purpose : </subfield>
   <subfield code="b">reflections on the presidency, multiculturalism, and third parties  </subfield>
   <subfield code="c">Paul E. Tsongas.</subfield>
  </datafield>
  <datafield tag="260" ind1="0" ind2="0">
   <subfield code="a">New Heaven: </subfield>
   <subfield code="b">Yale University Pres, </subfield>
   <subfield code="c">1995.</subfield>
  </datafield>
  <datafield tag="300" ind1=" " ind2=" ">
   <subfield code="a">114p.: </subfield>
   <subfield code="b">22cm.</subfield>
  </datafield>
  <datafield tag="650" ind1="0" ind2="0">
   <subfield code="a">Pluralism (Social sciences) </subfield>
  </datafield>
  <datafield tag="650" ind1="0" ind2="0">
   <subfield code="a">Presidents -- </subfield>
   <subfield code="x">Election -- </subfield>
   <subfield code="y">1992 -- </subfield>
   <subfield code="z">United States </subfield>
  </datafield>
  <datafield tag="650" ind1="0" ind2="0">
   <subfield code="a">Multiculturalism </subfield>
  </datafield>
  <datafield tag="651" ind1="0" ind2="0">
   <subfield code="a">United States -- </subfield>
   <subfield code="x">Politics and government -- </subfield>
   <subfield code="y">1993 </subfield>
  </datafield>
 </record>
</collection>
